000 00313pam a2200121a 44500
008 230405s2019 xxu||||| |||| 00| 0 eng d
041 _aENG
100 _aOscar Wilde
245 _aThe Inportance of Being Earnest & other Plays
260 _aNew Delhi
_bRupa Publications
_c2019
300 _a190
906 _a19128
999 _c309626
_d309626